LEADER 00983nam a2200241 i 4500 001 991002723949707536 008 150408s2014 it a 000 0 eng d 020 $a9781847697295 035 $ab14222243-39ule_inst 040 $aDip. di Studi Umanistici$bita 082 0 $a306.4494 100 1 $aByram, Michael$0480603 245 14$aThe common European framework of reference :$bthe globalisation of language education policy /$cedited by Michael Byram and Lynne Parmenter 260 $aBristol ...[etc.] :$bMultilingual matters,$c2012 300 $aX, 270 p. ;$c21 cm 650 4$aGlobalizazione$xLinguaggio 700 1 $aParmenter, Lynne 907 $a.b14222243$b01-07-15$c08-04-15 912 $a991002723949707536 945 $aLE012 306 BYR 01.01$g1$i2007000262252$lle012$nLE.SU SC$op$pE40.94$q-$rl$s- $t0$u0$v0$w0$x0$y.i15684532$z01-07-15 996 $aCommon European framework of reference$9256155 997 $aUNISALENTO 998 $ale012$b08-04-15$cm$da $e-$feng$genk$h4$i0